000 00527nam a2200193Ia 4500
005 20250423094447.0
008 250422s9999 xx 000 0 und d
020 _a9781265135744
050 _aQM 32 .R65/
100 _aRoiger, Deborah
245 0 _aAnatomy, physiology, & disease
250 _a3rd ed.
260 _aNew York
260 _bMcGraw Hill LLC
260 _c2023
300 _a418 p
650 _a Human anatomy--Examinations, questions, etc. Human physiology--Examinations, questions, etc.
942 _cBK
999 _c27306
_d27306